| 000 | 00644nac a22002051u 4500 | ||
|---|---|---|---|
| 008 | 100906s2002 ii |||||rill 001 0 eng d | ||
| 020 | _a8173664862 | ||
| 020 | _a9798173664860 | ||
| 082 |
_a005.276 _bKAL _222 |
||
| 100 |
_aKalani, Amit _918296 |
||
| 245 |
_aASP.NET 1.0 namespace reference with C _cAmit Kalani [etc...]. _a / |
||
| 260 |
_aNew Delhi : _bWrox Press, _c2002. |
||
| 300 |
_a966 p. : _bill. ; _c24 cm. |
||
| 500 | _aIncludes index. | ||
| 650 |
_ax Design. _aWeb sites _918297 |
||
| 650 |
_aMicrosoft .NET. _918298 |
||
| 700 |
_aGerding, Dave. _918299 |
||
| 700 |
_aMilner, Matt. _918300 |
||
| 942 |
_cBB _k005.276KAL _2ddc |
||
| 999 |
_c757 _d757 |
||